| 000 | 00930nam a22002177a 4500 | ||
|---|---|---|---|
| 999 |
_c22020 _d22020 |
||
| 003 | AR-CdUCM | ||
| 008 | 190425b ||||| |||| 00| 0 spa d | ||
| 040 |
_aMUNICIPALIDAD PROVINCIAL DEL CUSCO _cBIBLIOTECA MUNICIPAL DEL CUSCO |
||
| 082 | _aKosko/N°61/1925 | ||
| 245 |
_aKosko revista libre / _cLuis Felipe Paredes. Director. Roberto Latorre. Fundador y propietario |
||
| 260 |
_aCusco. _bTalleres tipográficos trabajo, _c1925. |
||
| 300 |
_a22 páginas. : _c26 cm. |
||
| 440 |
_aKosko revista libre. _nAño II, N°61, 07 de diciembre de1925. _947182 |
||
| 505 | _aContenido: Un domine maniático. -- Voces al margen. -- Revolucionará nuestra universidad. -- Página deportiva. -- Poemas. -- Una Biblioteca popular... | ||
| 650 |
_aHistorias del Cusco _947166 |
||
| 650 |
_aSiglo XX _947176 |
||
| 650 |
_aPublicidad _923533 |
||
| 700 |
_aLa Torre, Roberto _eFundador y propietario _947183 |
||
| 942 |
_2ddc _cPP |
||
| 945 | _avhl | ||